| 000 | 01128nam a2200253 a 4500 | ||
|---|---|---|---|
| 001 | 000010753 | ||
| 005 | 20250924073801.0 | ||
| 008 | 091009s1985 dr ac 000 0 spa d | ||
| 040 |
_aDO-SdBNP _bspa _cBNPHU |
||
| 082 |
_axxx _bP953s |
||
| 111 | 2 |
_aPrimer Seminario de evaluación y normatización de las residencias médicas _n(1ra : _d1983 mayo 20, 21 y 22 : _cSanto Domingo) _925962 |
|
| 245 | 1 | 0 |
_aPrimer Seminario de evaluación y normatización de las residencias médicas. / _cEditores Julio Ravelo Astacio, Ricardo Corporán, Josefina Padilla. |
| 246 | 1 | 0 | _aI seminario de evaluación y normatización de las residencias médicas |
| 260 |
_aSanto Domingo : _bUASD, _c1985. |
||
| 300 |
_a114 p. : _bil., retr. ; _c22 cm. |
||
| 490 | 1 |
_aPublicaciones de la Universidad Autónoma de Santo Domingo _v366 |
|
| 490 | 1 |
_aSalud y Sociedad _v5 |
|
| 700 | 1 |
_aRavelo Astacio, Julio, _eed. _925963 |
|
| 700 | 1 |
_aCorporán, Ricardo, _eed. _925897 |
|
| 700 | 1 |
_aPadilla, Josefina, _eed. _920425 |
|
| 830 |
_aPublicaciones de la Universidad Autónoma de Santo Domingo _v366 _952 |
||
| 830 | 0 |
_aSalud y Sociedad _n5 _925964 |
|
| 049 | _aBNPD | ||
| 999 |
_c10508 _d10508 |
||